ՀՀ Գիտությունների ազգային ակադեմիայի հիմնարար գիտական գրադարան  =   Fundamental Scientific Library of NAS RA

Экологические проблемы энергетики / (Record no. 73083)

MARC details
000 -LEADER
fixed length control field 01219nam a22002777a 4500
001 - CONTROL NUMBER
control field 000209617
003 - CONTROL NUMBER IDENTIFIER
control field AM-YeHGA
005 - DATE AND TIME OF LATEST TRANSACTION
control field 20250617124125.0
008 - FIXED-LENGTH DATA ELEMENTS--GENERAL INFORMATION
fixed length control field 970708s1989 ru ||||| |||| 00| 0 rus d
020 ## - INTERNATIONAL STANDARD BOOK NUMBER
International Standard Book Number 5020291226
040 ## - CATALOGING SOURCE
Original cataloging agency AM-YeHGA
041 0# - LANGUAGE CODE
Language code of text/sound track or separate title rus
090 ## - LOCALLY ASSIGNED LC-TYPE CALL NUMBER (OCLC); LOCAL CALL NUMBER (RLIN)
-- 74301
245 00 - TITLE STATEMENT
Title Экологические проблемы энергетики /
Statement of responsibility, etc. [А.А. Кошелев, Г.В. Ташкинова, Б.Б. Чебаненко и др.] ; Отв. ред. А.А. Папин; АН СССР, Сиб. отд-ние, Сиб. энерг. ин-т.
260 ## - PUBLICATION, DISTRIBUTION, ETC.
Place of publication, distribution, etc. Новосибирск :
Name of publisher, distributor, etc. Наука. Сиб. отд-ние,
Date of publication, distribution, etc. 1989.
300 ## - PHYSICAL DESCRIPTION
Extent 318,[4] с. :
Other physical details ил. ;
Dimensions 22 см.
500 ## - GENERAL NOTE
General note Авт. указаны на обороте тит. л.
500 ## - GENERAL NOTE
General note Библиогр.: с. 310-319
650 14 - SUBJECT ADDED ENTRY--TOPICAL TERM
Topical term or geographic name entry element Энергетика
General subdivision Влияние на окружающую среду
700 1# - ADDED ENTRY--PERSONAL NAME
Personal name Кошелев, А.А.
700 1# - ADDED ENTRY--PERSONAL NAME
Personal name Ташкинова, Г.В.
700 1# - ADDED ENTRY--PERSONAL NAME
Personal name Чебаненко, Б.Б.
700 1# - ADDED ENTRY--PERSONAL NAME
Personal name Папин, Александр Александрович
Relationship edt
710 2# - ADDED ENTRY--CORPORATE NAME
Corporate name or jurisdiction name as entry element Сибирский энергетический институт СО АН СССР
942 ## - ADDED ENTRY ELEMENTS (KOHA)
Source of classification or shelving scheme Universal Decimal Classification
Koha item type Գրքեր / Books
Holdings
Withdrawn status Lost status Damaged status Not for loan Collection Home library Current library Date acquired Total checkouts Full call number Barcode Date last seen Price effective from Koha item type Public note
        General Fundamental Scientific Library Fundamental Scientific Library 22/12/2016   PII/599663 120599663 22/12/2016 22/12/2016 Գրքեր / Books 30 Days Loan


ՀՀ ԳԱԱ հիմնարար գիտական գրադարան
ՀՀ,Երևան 0019
Մարշալ Բաղրամյան 24/6
հեռախոս:(374-10) 52-47-50
Հետադարձ կապ

All site content, except where otherwise noted, is licensed under a
Creative Commons License